| 000 | 00535nam a22001697a 4500 | ||
|---|---|---|---|
| 999 |
_c8998 _d8998 |
||
| 008 | 210310b ||||| |||| 00| 0 eng d | ||
| 040 | _aBMS College of Architecture | ||
| 100 | _aPuligal, Manavi | ||
| 245 | _aSenior citizen care: Towards aging in place | ||
| 300 | _a55p. | ||
| 500 | _a1BM09AT025 | ||
| 502 |
_8B.Arch _NBMS College of Architecture, Visvesvaraya Technological University (VTU) _aProject report _d2013 |
||
| 650 | _acitizen | ||
| 700 |
_aAjaichandran C K _eGuide |
||
| 700 |
_aBhagyalaxmi M _eGuide |
||
| 942 |
_2ddc _cTHE |
||